Statistics for Countries but I removed the vowels

Click here to take the quiz!

General Stats

  • This quiz has been taken 43 times
    (30 since last reset)
  • The average score is 24 of 28

Answer Stats

HintAnswer% Correct
CHDChad
96%
DNMRKDenmark
96%
MXCOMexico
96%
RSSRussia
96%
VNZLVenezuela
96%
BHTNBhutan
92%
CLMBColombia
92%
FJFiji
92%
MRCCMorocco
92%
MZMBQMozambique
92%
NPLNepal
92%
STH KRSouth Korea
92%
TWNTaiwan
92%
ZBKSTNUzbekistan
92%
ZRBJNAzerbaijan
88%
CHLChile
88%
GRMNGermany
88%
NRTH MCDNNorth Macedonia
88%
TRKTurkey
88%
SRBSerbia
83%
LSLaos
79%
SMSamoa
75%
RQIraq
71%
PRPeru
71%
MNYemen • Oman
71%
PLPalau
67%
GNguyana
50%
SRLIsrael
46%

Score Distribution

Percentile by Number Answered

Percent of People with Each Score

Your Score History

You have not taken this quiz since the last reset